| 000 | 00638nam a2200181 a 4500 | ||
|---|---|---|---|
| 005 | 20210219160504.0 | ||
| 008 | 081109s2000 mx r 000 0 spa d | ||
| 035 | _aUPN01000166686 | ||
| 049 | _aUNE | ||
| 080 | _aOC 352.32: 337 (72) "1990" MAN. | ||
| 245 | 0 | 0 | _aManual de organización de la unidad de educación en ciencia y tecnología del mar. |
| 260 | _aMéxico : SEP, 1990. | ||
| 300 | _a42 p. | ||
| 440 | 0 | _aMéxico. Secretaría de Educación Pública. Unidad de Educació | |
| 690 | _aEnseñanza tecnica- Organizacion administrativa | ||
| 690 | _aMexico- Enseñanza tecnica- Organizacion administrativa | ||
| 905 | _aUNESCO | ||
| 999 |
_c138797 _d138797 |
||